Atrévete: secretos del coaching para transformarte y expandirte

Zapisane w:
Opis bibliograficzny
1. autor: Bequer. Lidia (Autor)
Format: Książka
Język:hiszpański
Wydane: Buenos Aires Gran Aldea Editores 2009
Wydanie:2a. ed
Hasła przedmiotowe:
Etykiety: Dodaj etykietę
Nie ma etykietki, Dołącz pierwszą etykiete!

MARC

LEADER 00000cam a2200000 a 4500
001 UCF1736
003 CL-VaPUC
008 120723e20091000AG |||||||||||||||||spa|d
020 |a 9789871301102 
082 0 4 |a 158.1  |b BEQ  |2 21 
100 0 |a Bequer. Lidia  |e author  |9 563228 
245 1 0 |a Atrévete: secretos del coaching para transformarte y expandirte 
250 |a 2a. ed 
300 |a 224 p 
942 |c BK 
945 |d 20120723 00:00:00  |a dcastane 
260 |a Buenos Aires  |b Gran Aldea Editores  |c 2009 
650 7 |a CRECIMIENTO PERSONAL  |2 CL-VaPUC  |9 438434 
650 0 |a Autoayuda   |9 317869 
583 |a last modification  |c 20120723 10:17:00  |k Rodrigo Vera 
999 |c 348424  |d 348422 
952 |0 0  |1 0  |4 0  |6 158_100000000000000_BEQ_2009  |7 0  |8 A  |9 450424  |a BIBING  |b BIBING  |d 2019-11-22  |i 4883659  |l 3  |o 158.1 BEQ 2009  |p 4883659  |r 2025-01-20  |s 2024-03-19  |w 2019-11-22  |y BK  |k CUI